[Event "POL-chT Ekstraliga"]
[Site "Lublin"]
[Date "2023.09.24"]
[Round "7.4"]
[White "Javakhishvili, Lela"]
[Black "Warakomska, Anna"]
[Result "1-0"]
[WhiteElo "2446"]
[BlackElo "2167"]
[PlyCount "75"]
[EventDate "2023.09.18"]
[EventType "team-tourn"]
[EventRounds "9"]
[EventCountry "POL"]
[SourceTitle "EXT 2024"]
[Source "ChessBase"]
[SourceDate "2023.10.10"]
[SourceVersion "1"]
[SourceVersionDate "2023.10.10"]
[SourceQuality "1"]
[WhiteTeam "Pegow Wieza"]
[BlackTeam "Gliwice Akademia Szachowa"]
[WhiteTeamCountry "POL"]
[BlackTeamCountry "POL"]

1. d4 d5 2. c4 c6 3. Nf3 Nf6 4. g3 Bf5 5. Nc3 e6 6. Nh4 dxc4 7. Nxf5 exf5 8. e3 Nbd7 9. Bxc4 Nb6 10. Bb3 Bd6 11. Bd2 h5 12. Qc2 Qd7 13. f3 h4 14. 0-0-0 hxg3 15. e4 Bc7 16. hxg3 0-0-0 17. e5 Nfd5 18. Ne2 Kb8 19. Kb1 g6 20. Nc1 Qc8 21. a4 Rxh1 22. Rxh1 Rh8 23. Rxh8 Qxh8 24. a5 Nc8 25. Bxd5 cxd5 26. Qc5 Qd8 27. Nd3 b6 28. Qb5 a6 29. Qxa6 Qd7 30. b3 Qe6 31. Nb4 Ne7 32. Qb5 Ka7 33. a6 f6 34. Qe8 fxe5 35. Qxe7 Qxe7 36. Nc6+ Kxa6 37. Nxe7 exd4 38. f4 1-0

[Event "POL-chT Ekstraliga"]
[Site "Bydgoszcz"]
[Date "2022.09.05"]
[Round "3.4"]
[White "Unuk, Laura"]
[Black "Warakomska, Anna"]
[Result "1/2-1/2"]
[WhiteElo "2329"]
[BlackElo "2185"]
[PlyCount "90"]
[EventDate "2022.09.03"]
[EventType "team-tourn"]
[EventRounds "9"]
[EventCountry "POL"]
[SourceTitle "CBM 210 Extra"]
[Source "ChessBase"]
[SourceDate "2022.11.30"]
[SourceVersion "1"]
[SourceVersionDate "2022.11.30"]
[SourceQuality "1"]
[WhiteTeam "Pegow Wieza"]
[BlackTeam "Gliwice Akademia Szachowa"]
[WhiteTeamCountry "POL"]
[BlackTeamCountry "POL"]

1. d4 d5 2. c4 c6 3. cxd5 cxd5 4. Nc3 Nf6 5. Bf4 Nc6 6. e3 Bf5 7. Qb3 Na5 8. Qa4+ Bd7 9. Qc2 e6 10. Nf3 Rc8 11. Bd3 Bb4 12. 0-0 Nh5 13. Be5 f6 14. Bg3 Nxg3 15. hxg3 g6 16. Rac1 Qe7 17. Qe2 0-0 18. e4 Bxc3 19. bxc3 Qa3 20. Qd2 dxe4 21. Bxe4 Bc6 22. Rfe1 Bd5 23. Qh6 Rf7 24. Bxd5 exd5 25. Re6 Nc4 26. Rce1 Nd6 27. Nd2 Nf5 28. Qf4 Qxc3 29. Nb3 Ng7 30. Re7 Qb4 31. R7e2 b6 32. Rc1 Rxc1+ 33. Qxc1 Re7 34. Rxe7 Qxe7 35. Qc6 Qf7 36. a4 h5 37. a5 bxa5 38. Nxa5 Kh7 39. Kf1 Nf5 40. Nb3 Kg7 41. Qa8 Nd6 42. Qc6 Qb7 43. Qxd6 Qxb3 44. Qc7+ Kh6 45. Qf4+ Kg7 1/2-1/2

[Event "Suwalki Warakomska Memorial 6th"]
[Site "Suwalki"]
[Date "2022.08.08"]
[Round "7"]
[White "Soham, Datar"]
[Black "Warakomska, Anna"]
[Result "1-0"]
[WhiteElo "2113"]
[BlackElo "2236"]
[PlyCount "39"]
[EventDate "2022.08.03"]
[EventType "swiss"]
[EventRounds "9"]
[EventCountry "POL"]
[SourceTitle "CBM 209 Extra"]
[Source "ChessBase"]
[SourceDate "2022.09.30"]
[SourceVersion "1"]
[SourceVersionDate "2022.09.30"]
[SourceQuality "1"]

1. e4 c5 2. Nf3 e6 3. d4 cxd4 4. Nxd4 Nc6 5. Nc3 Qc7 6. Be3 a6 7. g3 b5 8. Bg2 Bb7 9. 0-0 Nf6 10. Re1 Ne5 11. Bf4 d6 12. a4 b4 13. Nd5 exd5 14. exd5 0-0-0 15. c3 Bxd5 16. cxb4 Qb6 17. Rc1+ Kb7 18. a5 Qxb4 19. Bxd5+ Nxd5 20. Bxe5 1-0

[Event "Titled Tuesday intern op 22nd Feb Late"]
[Site "Chess.com INT"]
[Date "2022.02.22"]
[Round "5"]
[White "Warakomska, Anna"]
[Black "Mirzoev, Azer"]
[Result "1-0"]
[WhiteElo "2262"]
[BlackElo "2468"]
[PlyCount "65"]
[EventDate "2022.02.22"]
[EventType "swiss (blitz)"]
[EventRounds "11"]
[EventCountry "USA"]
[SourceTitle "CBM 207 Extra"]
[Source "ChessBase"]
[SourceDate "2022.05.31"]
[SourceVersion "1"]
[SourceVersionDate "2022.05.31"]
[SourceQuality "1"]

1. e4 Nf6 2. e5 Nd5 3. d4 d6 4. Nf3 dxe5 5. Nxe5 c6 6. c3 Nd7 7. Nxd7 Bxd7 8. Bd3 Qc8 9. 0-0 Bf5 10. Bc4 e6 11. Nd2 Be7 12. Re1 0-0 13. Nf1 Rd8 14. Ne3 Bg6 15. Nxd5 cxd5 16. Bd3 Bd6 17. Bg5 Re8 18. Bxg6 hxg6 19. Re3 f6 20. Bh4 g5 21. Bg3 Bf8 22. Qh5 Qd7 23. Rae1 Rac8 24. f4 gxf4 25. Bxf4 Qf7 26. Qg4 Rc6 27. Rh3 g5 28. Bxg5 fxg5 29. Qxg5+ Bg7 30. Rf1 Qe7 31. Qh5 Bf6 32. Qg6+ Bg7 33. Qh7# 1-0

[Event "Krakow op-A 32nd"]
[Site "Krakow"]
[Date "2022.01.03"]
[Round "8"]
[White "Piekielny, Pawel"]
[Black "Warakomska, Anna"]
[Result "0-1"]
[WhiteElo "2104"]
[BlackElo "2276"]
[PlyCount "70"]
[EventDate "2021.12.27"]
[EventType "swiss"]
[EventRounds "9"]
[EventCountry "POL"]
[SourceTitle "EXT 2023"]
[Source "ChessBase"]
[SourceDate "2022.10.05"]
[SourceVersion "1"]
[SourceVersionDate "2022.10.05"]
[SourceQuality "1"]

1. e4 c5 2. Nf3 e6 3. d4 cxd4 4. Nxd4 Nc6 5. Nc3 Qc7 6. Be3 a6 7. Qd2 Nf6 8. 0-0-0 Be7 9. f3 b5 10. g4 Nxd4 11. Bxd4 Bb7 12. g5 Nh5 13. Kb1 0-0 14. Bd3 Nf4 15. Ne2 Nxd3 16. cxd3 e5 17. Rc1 Qb8 18. Bc5 d6 19. Bb6 Rc8 20. h4 d5 21. Rxc8+ Qxc8 22. Ng3 Qe6 23. Nf5 Bf8 24. Ba5 Rc8 25. Bb4 dxe4 26. dxe4 Bxe4+ 27. fxe4 Qc4 28. Qg2 Qd3+ 29. Ka1 Bxb4 30. Qg4 Qc2 31. Rb1 Rc4 32. a3 Bxa3 33. bxa3 Rc3 34. Nh6+ Kf8 35. Qd1 Rxa3# 0-1

[Event "POL-chT 1st League"]
[Site "Szklarska Poreba"]
[Date "2021.09.12"]
[Round "9.1"]
[White "Warakomska, Anna"]
[Black "Marcinczyk, Monika"]
[Result "1-0"]
[WhiteElo "2279"]
[BlackElo "1982"]
[PlyCount "69"]
[EventDate "2021.09.04"]
[EventType "team-swiss"]
[EventRounds "9"]
[EventCountry "POL"]
[SourceTitle "CBM 204 Extra"]
[Source "ChessBase"]
[SourceDate "2021.11.30"]
[SourceVersion "1"]
[SourceVersionDate "2021.11.30"]
[SourceQuality "1"]
[WhiteTeam "Gliwice Akademia Szachowa"]
[BlackTeam "Podlesie UKS 21"]
[WhiteTeamCountry "POL"]
[BlackTeamCountry "POL"]

1. e4 e5 2. Nf3 Nc6 3. Bb5 a6 4. Ba4 Nf6 5. d3 b5 6. Bb3 Bc5 7. 0-0 h6 8. c3 d6 9. Re1 0-0 10. Nbd2 Bb6 11. Nf1 Ne7 12. Ng3 Ng6 13. d4 exd4 14. Nxd4 Bb7 15. Ndf5 Re8 16. Bxh6 Nxe4 17. Nxe4 Bxe4 18. Rxe4 Rxe4 19. Qh5 d5 20. Bxg7 Rf4 21. Bxd5 Qc8 22. Ne7+ Kxg7 23. Nxc8 Bxf2+ 24. Kf1 Rxc8 25. Bf3 Bb6 26. g3 Rf6 27. Kg2 Rd8 28. Qg5 Rfd6 29. Re1 Rd2+ 30. Re2 Rd1 31. h4 R8d3 32. Qg4 Rg1+ 33. Kh2 Rf1 34. Be4 Rdd1 35. h5 1-0

[Event "POL-chT Ekstraliga"]
[Site "Katowice"]
[Date "2019.09.05"]
[Round "9.3"]
[White "Warakomska, Anna"]
[Black "Cyfka, Karina"]
[Result "1/2-1/2"]
[WhiteElo "2241"]
[BlackElo "2413"]
[PlyCount "40"]
[EventDate "2019.08.28"]
[EventType "team-tourn"]
[EventRounds "9"]
[EventCountry "POL"]
[SourceTitle "EXT 2020"]
[Source "ChessBase"]
[SourceDate "2019.10.17"]
[SourceVersion "1"]
[SourceVersionDate "2019.10.17"]
[SourceQuality "1"]
[WhiteTeam "Gliwice Akademia Szachowa"]
[BlackTeam "Gorzow Wielkopolski Stilon"]
[WhiteTeamCountry "POL"]
[BlackTeamCountry "POL"]

1. e4 e5 2. Nf3 Nc6 3. Bb5 a6 4. Ba4 Nf6 5. 0-0 Be7 6. Re1 b5 7. Bb3 d6 8. c3 0-0 9. h3 Na5 10. Bc2 c5 11. d4 Qc7 12. Nbd2 cxd4 13. cxd4 Bb7 14. Nf1 Rac8 15. Re2 d5 16. dxe5 Nxe4 17. Ng3 Nxg3 18. fxg3 d4 19. Kh2 Bxf3 20. gxf3 Rfd8 1/2-1/2

[Event "POL-chT Ekstraliga"]
[Site "Katowice"]
[Date "2019.08.29"]
[Round "2.4"]
[White "Warakomska, Anna"]
[Black "Socko, Monika"]
[Result "1-0"]
[WhiteElo "2241"]
[BlackElo "2436"]
[PlyCount "81"]
[EventDate "2019.08.28"]
[EventType "team-tourn"]
[EventRounds "9"]
[EventCountry "POL"]
[SourceTitle "EXT 2020"]
[Source "ChessBase"]
[SourceDate "2019.10.17"]
[SourceVersion "1"]
[SourceVersionDate "2019.10.17"]
[SourceQuality "1"]
[WhiteTeam "Gliwice Akademia Szachowa"]
[BlackTeam "Katowice Wasko"]
[WhiteTeamCountry "POL"]
[BlackTeamCountry "POL"]

1. e4 c5 2. Nf3 Nc6 3. d4 cxd4 4. Nxd4 g6 5. c4 Bg7 6. Be3 Nf6 7. Nc3 0-0 8. Be2 d6 9. f3 Bd7 10. Qd2 Nxd4 11. Bxd4 Bc6 12. 0-0-0 a6 13. g4 b5 14. Kb1 Rb8 15. h4 e6 16. g5 Ne8 17. Bxg7 Kxg7 18. e5 bxc4 19. exd6 Qa5 20. h5 Qf5+ 21. Ka1 Rd8 22. Qd4+ e5 23. Qxc4 Bb5 24. Nxb5 axb5 25. Qc5 Qxg5 26. hxg6 hxg6 27. Bxb5 Nf6 28. Rhe1 Rh8 29. d7 Qg2 30. Bc6 Rh5 31. Qe7 Rb8 32. Rb1 Rhh8 33. Qxe5 Qf2 34. Red1 Qb6 35. Rd6 Qd8 36. a3 Rh5 37. Qd4 Rh2 38. Qf4 Rh8 39. Re1 Nh5 40. Qd4+ Kh6 41. Re8 1-0

[Event "POL-ch (Women)"]
[Site "Warsaw"]
[Date "2019.05.17"]
[Round "7"]
[White "Dwilewicz, Katarzyna"]
[Black "Warakomska, Anna"]
[Result "0-1"]
[WhiteElo "2028"]
[BlackElo "2218"]
[PlyCount "70"]
[EventDate "2019.05.11"]
[EventType "tourn"]
[EventRounds "9"]
[EventCountry "POL"]
[EventCategory "3"]
[SourceTitle "CBM 190 Extra"]
[Source "ChessBase"]
[SourceDate "2019.07.15"]
[SourceVersion "1"]
[SourceVersionDate "2019.07.15"]
[SourceQuality "1"]

1. e4 c6 2. d4 d5 3. e5 Bf5 4. h4 h5 5. Bd3 Bxd3 6. Qxd3 Qa5+ 7. Nd2 e6 8. Ngf3 Ne7 9. 0-0 Nf5 10. c4 Qa6 11. b3 Be7 12. g3 0-0 13. Qc2 Nd7 14. Bb2 Rac8 15. Rfe1 g6 16. c5 b6 17. b4 bxc5 18. bxc5 Rb8 19. Bc3 Rb5 20. Rab1 Rfb8 21. Rec1 Rxb1 22. Rxb1 Rxb1+ 23. Qxb1 Kg7 24. Qb2 Qe2 25. Bb4 f6 26. Bc3 fxe5 27. Qb7 e4 28. Ng5 e3 29. Nxe6+ Kh6 30. fxe3 Qxe3+ 31. Kg2 Qxg3+ 32. Kh1 Ne3 33. Nf4 Qxf4 34. Qxd7 Qxh4+ 35. Kg1 Qg3+ 0-1

[Event "POL-ch (Women)"]
[Site "Warsaw"]
[Date "2019.05.13"]
[Round "3"]
[White "Warakomska, Anna"]
[Black "Socko, Monika"]
[Result "0-1"]
[WhiteElo "2218"]
[BlackElo "2445"]
[PlyCount "94"]
[EventDate "2019.05.11"]
[EventType "tourn"]
[EventRounds "9"]
[EventCountry "POL"]
[EventCategory "3"]
[SourceTitle "CBM 190 Extra"]
[Source "ChessBase"]
[SourceDate "2019.07.15"]
[SourceVersion "1"]
[SourceVersionDate "2019.07.15"]
[SourceQuality "1"]

1. e4 g6 2. d4 d6 3. Bc4 Bg7 4. Nf3 Nc6 5. h3 Nf6 6. Qe2 e5 7. dxe5 Nxe5 8. Nxe5 dxe5 9. 0-0 0-0 10. Nc3 c6 11. a4 Nh5 12. Be3 Nf4 13. Qf3 Be6 14. Rfd1 Qe7 15. Bxe6 Nxe6 16. Qe2 Nd4 17. Qc4 Rfd8 18. Rd2 Rd7 19. Rad1 Rad8 20. Na2 b5 21. axb5 cxb5 22. Qb4 Qe6 23. Nc3 a6 24. Nd5 h6 25. Qa5 f5 26. f3 Kh8 27. Ra1 Rd6 28. Ra3 Qf7 29. Rc3 Ne6 30. Bb6 Ra8 31. Rcd3 Nd4 32. Qa3 Rc6 33. c3 Bf8 34. b4 Ne6 35. Qa2 Ng5 36. exf5 gxf5 37. Be3 f4 38. Bf2 Re8 39. Re2 Nxh3+ 40. gxh3 Qg6+ 41. Kh2 Qxd3 42. Nxf4 Qf5 43. Qd2 Bg7 44. Bg3 Rcc8 45. Nd5 Rcd8 46. Qa2 Qxf3 47. Nc7 Rd1 0-1

[Event "Karlsruhe Grenke op"]
[Site "Karlsruhe"]
[Date "2019.04.19"]
[Round "2"]
[White "Warakomska, Anna"]
[Black "Inkiov, Ventzislav"]
[Result "0-1"]
[WhiteElo "2212"]
[BlackElo "2421"]
[PlyCount "108"]
[EventDate "2019.04.18"]
[EventType "swiss"]
[EventRounds "9"]
[EventCountry "GER"]
[SourceTitle "CBM 189 Extra"]
[Source "ChessBase"]
[SourceDate "2019.06.03"]
[SourceVersion "1"]
[SourceVersionDate "2019.06.03"]
[SourceQuality "1"]

1. e4 e5 2. Nf3 Nc6 3. Bb5 f5 4. d3 fxe4 5. dxe4 Nf6 6. Nc3 Bb4 7. 0-0 Bxc3 8. bxc3 d6 9. Qd3 Bd7 10. Bc4 Na5 11. Bb3 Nxb3 12. cxb3 0-0 13. c4 Qe8 14. Nd2 Nh5 15. Nb1 Qg6 16. Nc3 Be6 17. f3 Rf7 18. Be3 Raf8 19. Kh1 b6 20. Qd2 Nf6 21. Rfd1 Qh5 22. a4 a5 23. Nd5 Ne8 24. Kg1 h6 25. Qf2 g5 26. Qg3 Kh7 27. Rf1 Qg6 28. h3 Rg8 29. Rf2 Ng7 30. Qh2 Rgf8 31. Raf1 Kg8 32. g4 h5 33. Qg3 h4 34. Qg2 Ne8 35. Rd1 Kh7 36. Qf1 Bc8 37. Qe2 Ng7 38. Kg2 Ne6 39. Qd2 Qg7 40. Rff1 Bb7 41. Rf2 c5 42. Qd3 Kh6 43. Nxb6 Nd4 44. Rdf1 Bc6 45. Nd5 Rb8 46. Bxd4 cxd4 47. Rb1 Rfb7 48. Qd2 Bxa4 49. Qxa5 Bxb3 50. Qa6 Qf8 51. Rfb2 Bd1 52. Qxb7 Rxb7 53. Rxb7 Qxf3+ 54. Kg1 Be2 0-1